000 00667nam a2200217 a 4500
005 20240919063909.0
008 040127s2002 mx r 000 0 spa d
020 _a9685505160
035 _aUPN01000131587
049 _aCG
050 4 _aJL1281
_bD4.5
245 0 0 _aDemocracia y formación ciudadana /
_cJudit Bokser ... [et al.].
260 _aMéxico :
_bInstituto Electoral del Distrito Federal,
_c2002.
300 _a203 p.
440 0 _aSinergia ;
_v2
650 4 _aParticipación política
_zMéxico
_912975
650 4 _aDemocracia
_zMéxico
_913249
651 4 _aMéxico
_xPolítica y gobierno
_94512
700 1 _aBokser, Judit,
_ecoaut.
905 _aLibro
999 _c103742
_d103742